000 00684nam a2200241 i 4500
003 DO-SdBNP
005 20260119125045.0
007 ta
008 260119b200- dr ||||| |||| 00| 0 spa d
040 _aDO-SdBNP
_bspa
_cBNPHU
_erda
041 _aspa
082 4 _axxx
_bxxx
_222
240 _aLey, leyes, etc
245 0 0 _aReglamento del fondo de pensiones y jubilaciones
264 1 _aSanto Domingo :
_bColegio Dominicano de Notarios,
_c200-?.
300 _a16 páginas ;
_c22 cm.
336 _atexto
_btxt
_2rdacontent
337 _asin mediación
_bn
_2rdamedia
338 _avolumen
_bnc
_2rdacarrier
590 _aInventariado, 206/BT
910 _aBtavárez
942 _2ddc
_cLF2
999 _c60127
_d60127